01962nam a22001697a 4500999001900000008004100019100003500060245009800095260002200193300003200215520133500247650004201582773002101624906003301645942000701678952010701685 c514923d514923210102b ||||| |||| 00| 0 eng d aMzzocchi, Chiara et al 922027 aThe dimensions of agricultural diversification: A spatial analysis of Italian municipalities  aRural Sociology  a85(2), Jun, 2020: p.316-345 aDiversification in agriculture could ensure the survival of farming by broadening the income base of farms and encouraging agricultural sustainability. The diversification of on‐farm activities may depend on socioeconomic and environmental characteristics. Although multifunctionality is a hotly debated topic, few papers have focused on the farm characteristics that influence diversification and none have focused on the influence of the spatial pattern. This paper examines the relationship between farm characteristics and the adoption of a specific type of diversification. An econometric model is presented that uses a spatial autoregressive lag model at the municipal scale. The results demonstrate that the activation of each diversification dimension is influenced by both internal and external factors, encompassing farmers’ characteristics, the farm structure, and territorial features, including regional and spatial patterns. Deepening is mainly influenced by the farmer’s age, education, and the presence of small and labor‐intensive farms. The key factors for broadening diversification are the presence of small farms and farms with mixed production (breeding and crop cultivation). Regrounding is most affected by the labor‐intensive farms in the area and the farms with mixed production. - Reproduced  aAgriculture - Economic aspects922028 aRural Sociology  aAGRICULTURAL DIVERSIFICATION cAR 00102ddc40709388936aIIPAbIIPAd2021-01-02h85(2), Jun, 2020: p.316-345pAR123792r2021-01-02yAR